Score 0/8 Timer 01:30
0 Plays Today
% Correct
Pennsylvania
95.8%
Harvard
90.1%
Princeton
85.3%
Yale
85.1%
Cornell
83.8%
Dartmouth
80.7%
Columbia
80.6%
Brown
79.2%
Remove Ads.
Support Sporcle.
Get the best of Sporcle when you Go Orange. This ad-free experience offers more features, more stats, and more fun while also helping to support Sporcle. Thank you for becoming a member.

You're not logged in!

Compare scores with friends on all Sporcle quizzes.
OR
Log In

Show Comments

Extras

Top Quizzes Today


Score Distribution

Your Account Isn't Verified!

In order to create a playlist on Sporcle, you need to verify the email address you used during registration. Go to your Sporcle Settings to finish the process.

Report this User

Report this user for behavior that violates our Community Guidelines.

Details: